000 006750000a22002050004500
020 _a84-87699-51-0
041 0 _aSPA
082 0 4 _aG 262.001 K9646m
100 1 _aKüng, Hans (1928-)
245 1 0 _aMantener la esperanza : Escritos para la reforma de la iglesia / Hans Küng ; Rufino Velasco, Traductor
260 _aMadrid, España : Trotta
300 _a211 Pag
440 0 _aColección Estructuras y Procesos. Serie Religión
500 _aTítulo original : Die hoffnung bewahren. Schriften zur Reform der Kirche
001 6694
942 _cBK
999 _c36961
_d36961
336 _atexto
_btxt
_2rdacontent
337 _2rdamedia
_asin mediación
_bn
338 _2rdacarrier
_avolumen
_bnc